| 000 | 00339nam a2200109Ia 4500 | ||
|---|---|---|---|
| 008 | 171211s9999 xx 000 0 und d | ||
| 245 | _aNanotechnology for Biology and Medicine | ||
| 245 | _cGabriel A. Silva and Vladimir Parpura | ||
| 260 | _c2011 | ||
| 650 | _xFamily and Friendship | ||
| 856 | _uhttp://down.ebook777.com/065/038731282X.pdf | ||
| 999 |
_c350262 _d350262 |
||